Statistics for States That Have Elected a Kennedy, Rockefeller, or Bush

Click here to take the quiz!

General Stats

  • This quiz has been taken 124 times
  • The average score is 12 of 15

Answer Stats

PersonOfficeTermState% Correct
Robert F KennedySenator1965-1968New York
98%
Nelson RockefellerGovernor1959-1973New York
98%
George H W BushHouse of Representatives1967-1971Texas
97%
George W BushGovernor1995-2000Texas
97%
John E (Jeb) BushGovernor1997-2007Florida
95%
John F KennedySenator1953-1960Massachusetts
91%
Ted KennedySenator1962-2009Massachusetts
91%
Joseph P Kennedy IIHouse of Representatives1987-1989Massachusetts
91%
Joseph P Kennedy IIIHouse of Representatives2013-presentMassachusetts
91%
Prescott BushSenator1952-1963Connecticut
77%
Patrick J KennedyHouse of Representatives1995-2011Rhode Island
70%
Kathleen Kennedy TownsendLieutenant Governor1995-2003Maryland
68%
John Davison "Jay" Rockefeller IVGovernor1977-1985West Virginia
50%
Senator1985-2015West Virginia
50%
Winthrop RockefellerGovernor1967-1971Arkansas
32%

Score Distribution

Percentile by Number Answered

Percent of People with Each Score

Your Score History

You have not taken this quiz